000 00347nam a2200145Ia 4500
008 230711s9999||||xx |||||||||||||| ||und||
041 _aENG
082 _a624
_bDI-E
100 _aDineley,David
245 0 _aEarth resources dictionary
250 _a1st Ed.
260 _c1976
_aNew Delhi
_bArrow Books
650 _aCivil Engineering
942 _cBK
999 _c1076
_d1076